|
|
|
|
| LEADER |
00573nam a2200157Ia 4500 |
| 008 |
200324s9999 xx 000 0 und d |
| 082 |
|
|
|a 309.5483
|b SRE-K
|
| 100 |
|
|
|a Sreedhara Menon, A
|
| 245 |
|
0 |
|a Kerala Samskaram
|
| 250 |
|
|
|a 2 ed.
|
| 260 |
|
|
|a Kottayam :
|b DC Books,
|c 2008
|
| 300 |
|
|
|a 264p.
|
| 650 |
|
|
|a Kerala Culture-- Kerala Education-- Kerala Art-- Kerala History-- Kerala Festivals-- Kerala Vasthu
|
| 942 |
|
|
|c BK
|
| 999 |
|
|
|c 283275
|d 283275
|
| 952 |
|
|
|0 0
|1 0
|4 0
|6 309_548300000000000_SREK
|7 0
|9 301818
|a SDE
|b SDE
|d 2013-07-22
|l 0
|o 309.5483 SRE-K
|p SDE18943
|r 2020-03-27
|w 2020-03-27
|y BK
|